[Event "37th Zalakaros Festival 2018"]
[Site "Zalakaros"]
[Date "2018.05.30"]
[Round "6"]
[White "Vanczak, Tamas"]
[Black "Bokros, Albert"]
[Result "1/2-1/2"]
[WhiteElo "2303"]
[BlackElo "2480"]
[Annotator "TA"]
[PlyCount "127"]
[EventDate "2018.??.??"]
[EventType "swiss"]
[EventCountry "HUN"]
[SourceTitle "playchess.com"]
[Source "ChessBase"]
[SourceQuality "1"]

{[%evp 13,127,4,34,0,17,1,27,0,0,-21,-16,-24,0,-8,10,-22,-33,-43,-34,-31,-34,-40,-35,-27,-31,-39,-28,-29,-17,-16,-31,-47,-35,-181,-161,-198,-168,-208,-164,-406,-391,-397,-417,-520,-520,-514,-505,-474,372,-807,356,364,344,-1192,334,326,456,450,633,644,635,634,629,629,619,618,616,501,501,485,553,527,629,612,641,595,730,726,717,713,752,765,756,738,2581,2329,12837,12839,12845,12846,12850,12850,12851,29967,29959,29956,12851,0,0,0,0,0,0,0,0,0,0,0,0,0,0,0,0,0,0,0]} 1. e4 c5 2. Nf3 e6 3. d4 cxd4 4. Nxd4 a6 5. Nc3 Qc7 6. Bd3 Nf6 7. Qe2 d6 8. Bd2 {B43: Sicilian: Kan Variation: 5 Nc3} (8. f4 Nbd7 9. Bd2 g6 10. Bc4 b5 11. Bxe6 fxe6 12. Nxe6 Qb7 13. e5 dxe5 14. fxe5 Nh5 15. Nd5 Nc5 16. Nec7+ Kf7 17. g4 Ne6 18. Rf1+ Kg8 19. Qf3 Nhf4 20. Bxf4 Nxc7 21. Bh6 {1-0 (21) Mamedov,R (2678)-Kveinys,A (2535) Antalya 2017}) 8... Be7 9. O-O Nc6 10. Nb3 {White has an edge.} O-O 11. Rae1 b5 12. f4 Bb7 13. Rf3 b4 14. Nd1 a5 $146 {[%cal Ba6a5,Ba5a4][%mdl 32]} ({Predecessor:} 14... g6 15. Nf2 a5 16. Rh3 a4 {0-1 (26) Triantos,K (1846)-Rajkovic,D (2358) Heraklion 2016}) 15. Be3 e5 16. f5 a4 17. Nd2 Nd4 $36 {[%mdl 2048] Black has the initiative.} 18. Bxd4 $1 exd4 19. Nf2 Rfe8 20. Rg3 Bf8 21. Ng4 Nxg4 22. Qxg4 d5 23. e5 (23. Rf1 $15) 23... Rxe5 $19 24. Rf1 Re3 25. Nf3 {[#]} b3 $1 {[%mdl 512]} 26. Rh3 $2 (26. f6 g6 27. axb3 axb3 28. Nxd4 bxc2 29. Bxc2 Rxg3 30. Qxg3) (26. axb3 axb3) 26... f6 $1 27. Qh5 h6 $1 28. Qg6 {And now Rxh6 would win.} bxc2 29. Bxc2 Qxc2 30. Rxh6 Ba6 $4 {[%mdl 8192]} (30... Rc8 $19 {and all is fine. aiming for ...Qe2.} 31. Rh7 Rxf3 32. gxf3 Qd2) 31. Qh7+ $18 Kf7 {[#]} 32. Rxf6+ $1 {[%mdl 512]} Kxf6 ({Don't go for} 32... Ke7 $2 {[#]} 33. Rxa6 $1 {[%mdl 512]} Qxg2+ 34. Kxg2 $18) 33. Qg6+ $1 Ke7 {[#]} 34. f6+ $1 {[%mdl 512]} gxf6 35. Qxc2 Bxf1 (35... Rc8 $142 36. Qh7+ Kd6) 36. Qc7+ Ke8 37. Qc6+ ({Not} 37. Kxf1 Rd8 $16) 37... Kf7 38. Qxd5+ ({Weaker is} 38. Kxf1 Rd8 $16) 38... Kg7 {intending ...Bxg2!} 39. Qxa8 Bc4 40. Qa7+ Bf7 41. Qxd4 Re8 42. h4 {[%cal Bh2h4,Bh4h5][%mdl 32]} a3 43. bxa3 Bxa3 44. Qg4+ Kh8 45. Qf5 Kg7 46. h5 Bc1 47. g4 Be3+ 48. Kg2 Ra8 49. g5 Rxa2+ 50. Kh3 {White wants to mate with h6+.} Bxg5 51. Nxg5 {Qh7+ would kill now.} fxg5 {[#]} 52. h6+ $1 {[%mdl 512]} Kxh6 53. Qxf7 {[%mdl 4096] Endgame KQ-KR} Ra3+ 54. Kg2 Ra6 55. Qg8 $2 (55. Kh2 $18 Rb6 56. Kg3) 55... Rf6 $11 {The position is equal.} 56. Kg3 {Black must now prevent Qd5.} Rf4 57. Qe8 Rf6 58. Qh8+ (58. Qd7 {keeps more tension.} Kg6 59. Qd3+ Kh6 60. Kg4 Rf4+ 61. Kh3) 58... Kg6 59. Qh3 {Qg4 is the strong threat.} Rf4 60. Qe6+ Rf6 61. Qg8+ Kh6 62. Qe8 {Threatens to win with Qe5.} Rf4 63. Qe6+ Kg7 64. Qe8 {Precision: White = 45%, Black = 61%.} 1/2-1/2

[Event "37th Zalakaros Festival 2018"]
[Site "Zalakaros"]
[Date "2018.05.30"]
[Round "6"]
[White "Borsos, Bogdan"]
[Black "Csala, Imre"]
[Result "1-0"]
[WhiteElo "2277"]
[BlackElo "2093"]
[Annotator "TA"]
[PlyCount "97"]
[EventDate "2018.??.??"]
[EventType "swiss"]
[EventCountry "HUN"]
[SourceTitle "playchess.com"]
[Source "ChessBase"]
[SourceQuality "1"]

{[%evp 11,97,91,91,79,85,83,93,93,107,92,91,74,183,120,116,90,116,122,127,128,120,100,114,98,121,112,124,116,124,127,153,174,181,137,133,127,129,125,135,136,138,140,156,158,181,144,152,147,262,254,249,102,95,83,191,188,219,214,210,135,342,208,208,208,233,219,316,331,379,372,516,532,447,411,384,220,214,158,580,589,583,545,881,881,855,850,801,796]} 1. d4 Nf6 2. Bg5 c5 3. d5 Qb6 4. Nc3 h6 (4... Qxb2 5. Bd2 Qb6 6. e4 d6 7. f4 e5 8. Nf3 Nbd7 9. Rb1 Qd8 10. Bc4 a6 11. fxe5 Nxe5 12. Nxe5 dxe5 13. a4 Bd6 14. O-O h6 15. Qf3 Rb8 {½-½ (60) Rapport,R (2707)-Bu,X (2730) Riadh 2017}) 5. Bd2 e5 6. e4 {A45: Trompowsky Attack} d6 {LiveBook: 3 Games} 7. Bb5+ Bd7 8. a4 {White is better.} Be7 9. Nge2 $146 ({Predecessor:} 9. f4 exf4 10. Bxf4 a6 11. a5 Qc7 12. Be2 {1-0 (62) Kovacevic,V (2495)-Brkic,D Karlovac 1977}) 9... O-O 10. O-O Bg4 11. f3 a6 (11... Bh5 $16) 12. a5 (12. fxg4 $18 axb5 13. Ng3 (13. axb5 Rxa1 14. Qxa1 Nxg4 $16)) 12... Qd8 $16 13. Bc4 Bc8 14. Na4 Nbd7 15. Ng3 Ne8 16. Kh1 Bg5 17. Bd3 g6 18. c4 Rb8 19. b4 {[%cal Bb2b4,Bb4c5][%mdl 32]} b5 {Threatens to win with ...Bxd2.} 20. axb6 $1 Nxb6 21. bxc5 Nxa4 22. Bxg5 hxg5 23. Qxa4 {aiming for cxd6.} dxc5 24. Rfb1 Rxb1+ 25. Rxb1 Qc7 26. h3 Kg7 27. Kg1 Kf6 28. Nf1 {[%cal Bg3f1,Bf1d2,Bd2b3][%mdl 32]} Ke7 29. Nd2 f5 (29... Nd6 $16 30. Ra1 Bd7 31. Qxa6 Rb8) 30. Nb3 $18 Nf6 31. Qa5 (31. Qa3 $18) 31... Qxa5 $16 32. Nxa5 Nd7 {[#]} (32... fxe4 $16 {might work better.} 33. fxe4 Nd7) 33. Bc2 $1 $18 Rf6 34. Nc6+ Kd6 35. Kf2 f4 $2 (35... Kc7 $16 {is a better defense.} 36. Ke3 Bb7) 36. Ke2 Kc7 37. Kd2 Bb7 38. Na5 Ba8 (38... Rb6 $142 39. Rh1 (39. Nxb7 Rxb1 40. Bxb1 Kxb7 $14) 39... Rb2) 39. Kc3 Nb6 40. Ra1 Nd7 41. Ba4 Nb6 42. Bc6 Rf8 43. Rb1 (43. Kd3 $142) 43... Bxc6 44. Nxc6 {KRN-KRN} ({And not} 44. dxc6 Rd8 $11) 44... Re8 $2 (44... Nd7 $16 {is tougher.} 45. Ra1 Ra8) 45. Ra1 {White is clearly winning.} Kb7 {[#] and the idea ...Nd7 leaves Black hopeful.} 46. Na5+ $1 Ka7 47. Rb1 Na4+ 48. Kc2 Nb6 49. d6 {Precision: White = 70%, Black = 34%.} 1-0

[Event "37th Zalakaros Festival 2018"]
[Site "Zalakaros"]
[Date "2018.05.30"]
[Round "6"]
[White "Vegh, Endre"]
[Black "Astaneh Lopez, Alex"]
[Result "1/2-1/2"]
[WhiteElo "2264"]
[BlackElo "2446"]
[Annotator "TA"]
[PlyCount "30"]
[EventDate "2018.??.??"]
[EventType "swiss"]
[EventCountry "HUN"]
[SourceTitle "playchess.com"]
[Source "ChessBase"]
[SourceQuality "1"]

{[%evp 19,20,9,6]} 1. d4 d5 2. c4 c6 3. cxd5 cxd5 4. Nf3 Nf6 5. Nc3 Nc6 6. Bf4 Bf5 7. e3 e6 8. Bd3 Bxd3 9. Qxd3 Bd6 10. Bxd6 Qxd6 {LiveBook: 1920 Games} {Predecessor:} 11. O-O $146 O-O 12. Rfc1 Rfc8 13. h3 h6 14. Nd2 Nd7 15. Ne2 Ne7 {½-½ (15) Bu,X (2725)-Duda,J (2724) Liaocheng 2018} 1/2-1/2

[Event "37th Zalakaros Festival 2018"]
[Site "Zalakaros"]
[Date "2018.05.30"]
[Round "6"]
[White "Geher, Koppany"]
[Black "Chakravarthi Reddy, M."]
[Result "0-1"]
[WhiteElo "2257"]
[BlackElo "2443"]
[Annotator "TA"]
[PlyCount "78"]
[EventDate "2018.??.??"]
[EventType "swiss"]
[EventCountry "HUN"]
[SourceTitle "playchess.com"]
[Source "ChessBase"]
[SourceQuality "1"]

{[%evp 23,78,19,76,65,77,77,81,81,72,0,0,-2,-8,-127,-104,-82,0,0,0,0,0,-25,36,0,0,0,0,0,0,0,0,-95,-85,-70,-96,-95,-65,-80,-100,-216,-116,-129,-129,-133,-107,-114,-87,-235,-237,-627,-599,-588,-559,-692,-687,-6087,-6087]} 1. e4 e6 2. d4 d5 3. Nd2 Nf6 4. e5 Nfd7 5. Bd3 c5 6. c3 Nc6 7. Ne2 cxd4 8. cxd4 f6 9. exf6 Nxf6 10. O-O {[%cal Bh1f1,Bf1e1,Be1e6][%mdl 32]} Bd6 11. Nf3 Qc7 12. g3 Qb6 {LiveBook: 3 Games. C06: French Tarrasch: 3...Nf6 4 e5 Nfd7 5 Bd3 main lines} (12... O-O $11) (12... O-O 13. Bf4 Ng4 14. Rc1 Bxf4 15. Nxf4 Rxf4 16. gxf4 Qxf4 17. Rc3 e5 18. Qd2 Qxd2 19. Nxd2 exd4 20. Rc5 Nge5 21. Bb5 Bh3 {1-0 (29) Oleksienko,M (2621)-Chakravarthi,R (2442) Dubai 2018}) 13. Bf4 $16 Bxf4 14. Nxf4 Qxb2 {White is better.} 15. Re1 $146 ({Predecessor:} 15. Ng5 O-O 16. Rb1 Qxa2 17. Ngxe6 Bxe6 18. Nxe6 Rf7 19. Ng5 Re7 20. Bf5 {½-½ (33) Khatanbaatar,B (2427)-Rodgaard,J (2310) Mallorca 2004}) 15... O-O 16. Nxe6 (16. a3 $16) 16... Bxe6 $11 17. Rxe6 Ne4 $1 18. Be2 (18. Rxe4 $1 $11 Rxf3 19. Re2 Qxd4 20. Bc2) 18... Nc3 19. Qf1 Rae8 (19... Nb4 $17 20. a3 Nc2) 20. Rxe8 Rxe8 21. Bd3 Rf8 22. Kg2 Ne4 ({Black should play} 22... Nb4 $11 23. Ne5 a5) 23. Bxe4 (23. Rb1 $5 {[%cal Rb1b2]} Qa3 24. Rxb7 $11) 23... dxe4 24. Ng5 {Black must now prevent Qc4+.} h6 ({Not} 24... Nxd4 25. Qc4+ Ne6 26. Qxe6+ Kh8 27. Nf7+ Kg8 28. Nh6+ Kh8 {[#]} 29. Qg8+ $1 {[%mdl 512]} Rxg8 30. Nf7#) 25. Nxe4 Qxd4 26. Re1 Qd5 27. Re3 (27. a4 $11) 27... Qxa2 $17 28. Qb5 Qf7 29. h4 Nd4 30. Qe5 Nc2 31. Rc3 (31. Re2 $17 Nb4 32. Rd2) 31... Ne1+ (31... Re8 $19 32. Nf6+ gxf6) 32. Kf1 Nf3 33. Qc5 Qd7 34. Kg2 Qg4 $36 {[%mdl 2048] Black is on the roll.} 35. Qc4+ (35. Qe7 $17) 35... Kh8 $19 {Hoping for ...Nxh4+.} 36. Kf1 $2 {[#]} (36. Qd5) 36... Qxe4 $1 {[%mdl 512] Black is clearly winning.} 37. Qxe4 Nd2+ 38. Kg2 Nxe4 39. Rc2 Rxf2+ {Precision: White = 25%, Black = 38%.} 0-1

[Event "37th Zalakaros Festival 2018"]
[Site "Zalakaros"]
[Date "2018.05.30"]
[Round "6"]
[White "Doric, Nenad"]
[Black "Szeberenyi, Adam"]
[Result "0-1"]
[WhiteElo "2250"]
[BlackElo "2372"]
[Annotator "TA"]
[PlyCount "138"]
[EventDate "2018.??.??"]
[EventType "swiss"]
[EventCountry "HUN"]
[SourceTitle "playchess.com"]
[Source "ChessBase"]
[SourceQuality "1"]

{[%evp 28,138,111,91,125,133,168,158,168,73,85,0,0,-95,-85,-112,-58,-56,-48,-41,-42,-88,-95,-147,-95,-94,-100,-88,-50,-101,-58,-136,-28,-138,-129,-187,-188,-103,-43,-47,-43,-36,-45,-35,-45,-127,-121,-118,-88,-81,-84,-83,-84,-98,-90,-123,-116,-147,-125,-141,-127,-188,-108,-102,-110,-124,-110,-157,-157,-206,-201,-208,-208,-208,-208,-228,-228,-227,-93,-129,-139,-164,-8,-8,-8,-29945,-12022,-12849,-11372,-6019,-5597,-2187,-1996,-29983,-29984,-29984,-29985,-29985,-29986,-29986,-29987,-29989,-29985,-29985,-29986,-29985,-29986,-29988,-29989,-29989,-29990,-29990,-29991]} 1. e4 c5 2. Nf3 d6 3. d4 cxd4 4. Nxd4 Nf6 5. Nc3 a6 6. Bg5 e6 7. f4 Qc7 8. Qf3 Nbd7 9. O-O-O Be7 10. g4 {[%cal Bg2g4,Bg4g5,Bg5h6][%mdl 32]} b5 11. Bxf6 Nxf6 12. g5 Nd7 13. f5 Ne5 14. Qg3 b4 {B99: Sizilianisch (Najdorf-Variante)} (14... Nc6 15. g6 hxg6 16. fxe6 Nxd4 17. exf7+ Kxf7 18. Rxd4 Be6 19. Bd3 g5 20. Nd5 Bxd5 21. Rxd5 Kg8 22. e5 dxe5 {0-1 (36) Baghdasaryan,V (2449)-Bacrot,E (2696) Minsk 2017}) 15. Nce2 {LiveBook: 6 Partien} h6 16. gxh6 g5 {Weiß steht deutlich besser.} 17. fxe6 fxe6 18. Qh3 (18. Kb1 $18 {ist viel giftiger.}) 18... Bf8 $16 19. Qh5+ $146 ({Jedoch nicht} 19. Nxe6 $2 Qf7 $19) (19. Kb1 $16) ({Vorgänger:} 19. Nxe6 Qf7 20. Nxg5 Qxa2 21. Qh5+ Kd8 22. Nf4 Rxh6 23. Qxh6 Bxh6 24. Rxd6+ {1-0 (33) Alfred,N (2249)-Suranyi,P (2188) Budapest 2002}) 19... Qf7 $11 20. Qxf7+ (20. Qh3 $1 $11 {war der einzige Weg, das Gleichgewicht zu behalten.}) 20... Kxf7 $17 21. Bg2 Rxh6 (21... Bxh6 $17 22. Kb1 Bd7) 22. Nf3 $15 Nxf3 23. Bxf3 Ra7 24. Rd4 a5 25. c3 ({Besser ist} 25. Rdd1) 25... bxc3 (25... Rc7 $142 26. Rd2 Bg7) 26. Nxc3 $17 Rc7 27. Kb1 Bd7 28. Rd2 ({Günstiger ist} 28. h3 $15) 28... Rc5 29. Rf1 (29. Bg4 $1 $15) 29... Ke8 (29... Ke7 $1 $17 30. Rfd1 Bc6 31. Rxd6 Bg7) 30. Nd1 (30. Bg4 $11) 30... Rh4 {Und ...g4 würde nun gewinnen.} 31. Ne3 (31. Nf2 $17) 31... Bc6 $1 $19 32. Ng4 {[#]} (32. Rg1 $19) 32... Bxe4+ $1 {[%mdl 512]} 33. Bxe4 $15 Rxg4 34. b4 $1 Rc8 35. Bg6+ Kd7 36. Rf7+ (36. bxa5 $15 Rf4 37. Bd3) 36... Be7 $17 37. bxa5 Rb4+ 38. Rb2 Rxb2+ 39. Kxb2 {[%mdl 4096] Endspiel KTL-KTL} Ra8 40. Bd3 Rxa5 41. a4 d5 $1 42. Bb5+ Kd6 43. Rh7 Ra7 44. Kb3 (44. Rh6 $17) 44... Rb7 (44... e5 $1 $19 45. Rh6+ Kc5 46. Rc6+ Kd4) 45. Rh6 Bd8 46. Rh8 Bb6 47. h4 Bd4 48. Rh5 g4 {[%cal Bg5g4,Bg4g3][%mdl 32]} 49. Rg5 Rg7 $1 50. Rxg7 Bxg7 $19 {KL-KL} 51. a5 g3 {( -> ...g2)} 52. Bf1 Bd4 (52... e5 $19 {bietet bessere Gewinnchancen.} 53. Kc3 e4+ 54. Kd2 Bd4) 53. Kc2 $17 e5 $1 {[%cal Re5e4]} 54. Kd3 {[#]} Ba7 $2 (54... Bc5 $1 $19 {...e4+ ist eine echte Drohung.} 55. h5 e4+ 56. Ke2 Ke7) 55. Ke2 e4 {Droht ...d4 und aus.} 56. Bg2 $2 {[%mdl 8192] [#]} (56. h5 $11) 56... Ke5 $1 57. h5 Kf5 58. Kf1 Kg5 59. Bh3 d4 {[%cal Bd5d4,Bd4d3][%mdl 32]} 60. Bg2 Kf4 {Schwarz setzt Matt.} 61. Ke2 d3+ 62. Kd2 Bc5 63. Kc3 Bb4+ 64. Kb3 Bxa5 65. h6 Bd8 66. Kc3 Ke3 67. h7 Bf6+ 68. Kb3 d2 69. Kc2 Ke2 {Precision: Weiß = 30%, Schwarz = 60%.} 0-1

[Event "37th Zalakaros Festival 2018"]
[Site "Zalakaros"]
[Date "2018.05.30"]
[Round "6"]
[White "Peczely, Sebastian Zsombor"]
[Black "Meszaros, Tamas"]
[Result "1/2-1/2"]
[WhiteElo "2244"]
[BlackElo "2407"]
[Annotator "TA"]
[PlyCount "83"]
[EventDate "2018.??.??"]
[EventType "swiss"]
[EventCountry "HUN"]
[SourceTitle "playchess.com"]
[Source "ChessBase"]
[SourceQuality "1"]

{[%evp 23,83,0,0,0,0,0,0,0,0,0,11,-89,-20,-17,-26,-25,0,-4,0,-22,-8,-7,0,-72,-72,-153,-40,-41,0,2,31,31,31,31,43,31,62,18,52,0,0,0,3,3,3,3,4,0,0,0,0,0,10,12,12,13,13,17,252,0,0,0]} 1. e4 c5 2. Nf3 e6 3. d4 cxd4 4. Nxd4 Nf6 5. Nc3 d6 6. Be3 a6 7. f3 b5 8. Qd2 Nbd7 9. g4 Nb6 10. a3 {B80: Sizilianisch (Scheveninger System)} (10. a4 Nc4 11. Bxc4 bxc4 12. a5 Qc7 13. g5 Nd7 14. Kd1 Rb8 15. Kc1 Nc5 16. Na4 Nxa4 17. Rxa4 Be7 {0-1 (53) Yu,Y (2734)-Xu,J (2534) Wuxi 2016}) 10... Bb7 11. O-O-O Rc8 12. Rg1 Nfd7 {[%cal Bf6d7,Bd7e5,Be5c4][%mdl 32] LiveBook: 3 Partien} 13. g5 Ne5 14. f4 Nec4 $1 {[%cal Rc4d2] [#]} 15. Bxc4 $146 ({Vorgänger:} 15. Qe1 Nxe3 16. Qxe3 Qc7 17. Qh3 g6 18. f5 e5 19. Nb3 Bxe4 {½-½ (32) Lapeginas,Z (2502)-Klatt,O (2470) ICCF email 2008}) 15... Nxc4 16. Qd3 Qa5 17. e5 (17. Nb3 $11 Qc7 18. Bd4) 17... d5 ({Lieber} 17... Be7 $17 {Und weiter mit ...0-0 wäre nett.} 18. g6 hxg6 19. Nxe6 b4 20. exd6 Nxd6) 18. Nb3 $11 Qc7 19. Bd4 g6 20. h4 Qc6 21. h5 $1 a5 22. hxg6 $1 hxg6 {zielt auf ...b4 ab.} 23. Rh1 {[#]} (23. f5 $1 $11 {hält das Gleichgewicht.} gxf5 24. g6 fxg6 25. Rxg6) 23... Rg8 $1 $17 24. Rh2 {[#]} (24. Kb1 $142) 24... a4 (24... Ba6 $1 $17 25. Qh3 a4) 25. Nd2 $15 b4 (25... Nxa3 $5 26. bxa3 Bxa3+ 27. Kb1 b4 28. Nxa4 Ba6 $15) 26. axb4 a3 27. bxa3 Nxa3 28. b5 Qc7 29. Rdh1 Nc4 30. Nb3 Qe7 31. Nb1 ({Besser ist} 31. Ne2 $1 $14) 31... Qb4 $11 32. Bc3 Qa4 33. Rh8 Rxh8 34. Rxh8 Qxb5 35. f5 gxf5 {[#]} 36. g6 $1 {[%mdl 512]} fxg6 {...Kf7 ist eine echte Drohung.} 37. Nd4 Qc5 38. Qg3 Kd7 $1 39. Rh7+ Be7 40. Qxg6 Rc6 $2 (40... Qb6 $1 $11 {und Schwarz steht sicher.}) 41. Nxc6 $2 (41. Qg7 $18 {Droht stark Sb3.} Ne3 42. Qg5 (42. Nxc6 Bxc6 43. Qf8 d4 $11)) 41... Bxc6 42. Qg7 {Precision: Weiß = 65%, Schwarz = 42%.} 1/2-1/2

[Event "37th Zalakaros Festival 2018"]
[Site "Zalakaros"]
[Date "2018.05.30"]
[Round "6"]
[White "Veleski, Robert"]
[Black "Fancsy, Imre"]
[Result "1/2-1/2"]
[WhiteElo "2225"]
[BlackElo "2388"]
[Annotator "TA"]
[PlyCount "79"]
[EventDate "2018.??.??"]
[EventType "swiss"]
[EventCountry "HUN"]
[SourceTitle "playchess.com"]
[Source "ChessBase"]
[SourceQuality "1"]

{[%evp 18,79,-10,-8,-7,-9,-26,-14,-11,-40,-46,-108,-115,-115,-100,-115,-116,-107,-106,-113,-111,-94,-84,-112,-64,-113,-76,-95,-91,-86,-95,-84,-16,-14,-14,-13,-14,-72,-70,-51,-7,-22,-6,-89,-21,-19,0,0,96,118,117,113,90,12,10,11,64,0,8,11,4,0,0,-2]} 1. d4 d5 2. Bf4 Nf6 3. e3 c5 4. c3 Nc6 5. Nd2 Bf5 6. Qb3 {D00: 1 d4 d5: Unusual lines} (6. Ngf3 e6 7. Be2 Bd6 8. dxc5 Bxc5 9. Nd4 Bg6 10. Qa4 O-O 11. Nxc6 bxc6 12. Qxc6 Rc8 13. Qa4 Re8 14. O-O e5 {0-1 (57) Le,Q (2737)-Ding,L (2777) Riadh 2017}) 6... Qd7 7. dxc5 e5 8. Bg3 Bxc5 9. Ngf3 Qe7 10. Bb5 {LiveBook: 5 Games} d4 11. O-O dxe3 12. fxe3 O-O $146 {Threatens to win with ...Ng4.} ({Predecessor:} 12... Bxe3+) 13. Bxc6 bxc6 14. Bxe5 {[#]} ({White should play} 14. Nxe5 $15 Bxe3+ 15. Kh1) 14... Ng4 $1 $17 {[%cal Rg4e5]} 15. Bd4 Rab8 $36 {[%mdl 2048] Black is really pushing.} ({But not} 15... Nxe3 $6 16. Rfe1 $14) 16. Qc4 Bxd4 17. Qxd4 Rfd8 ({Don't blunder} 17... Nxe3 $2 18. Rae1 $18) 18. Qf4 Qxe3+ 19. Qxe3 Nxe3 20. Rf2 Rxb2 21. Re1 Nd5 22. Nd4 Bd7 23. Ne4 Rxf2 24. Kxf2 Rb8 (24... h6 $17) 25. Nc5 $11 Be8 26. Nf5 $1 Kf8 ({Of course not} 26... Nxc3 $6 27. Nd6 $16) 27. c4 (27. Nd6 $11) 27... Nf6 $17 28. Nd6 Rd8 29. Ncb7 $1 {[%cal Rb7d8]} Rd7 30. c5 (30. Kf3 $11) 30... a6 (30... Re7 $17 {Hoping for ...Ng4+.} 31. Rxe7 Kxe7 32. Nf5+ Kf8) 31. Rb1 $11 Nd5 32. Na5 Re7 (32... Rd8 $1 $11 {keeps the balance.}) 33. Rb8 $16 Nf6 34. Nxc6 $1 Rc7 35. Ne5 ({Better is} 35. Nxe8 $16 Nxe8 36. Rb6) 35... Ke7 $11 36. Nd3 g6 (36... Ba4 $11) 37. Ra8 (37. Ke3 $14) 37... Bb5 {The position is equal.} 38. Nxb5 axb5 39. Rb8 Ne4+ 40. Ke3 {Precision: White = 44%, Black = 52%.} 1/2-1/2

[Event "37th Zalakaros Festival 2018"]
[Site "Zalakaros"]
[Date "2018.05.30"]
[Round "6"]
[White "Jamrich, Gyorgy"]
[Black "Ianov, Viktor"]
[Result "0-1"]
[WhiteElo "2213"]
[BlackElo "2285"]
[Annotator "TA"]
[PlyCount "94"]
[EventDate "2018.??.??"]
[EventType "swiss"]
[EventCountry "HUN"]
[SourceTitle "playchess.com"]
[Source "ChessBase"]
[SourceQuality "1"]

{[%evp 9,94,10,24,5,14,7,41,13,30,24,16,37,25,18,7,9,19,-38,8,-11,0,0,9,0,7,-62,-54,-54,-64,-79,-85,-140,-145,-204,-203,-438,-439,-433,-433,-423,-405,-574,-561,-681,-533,-520,-508,-467,-409,-407,-403,-387,-349,-341,-319,-320,-313,-287,-310,-305,-289,-349,-330,-378,-390,-362,-368,-403,-395,-619,-617,-607,-601,-689,-664,-885,-910,-1074,-912,-29968,-29969,-4698,-5259,-29997,-29998,-29998,-29999]} 1. e4 d6 2. d4 Nf6 3. Nc3 c6 4. Be2 e5 5. Bf3 $146 ({Predecessor:} 5. f4 Qa5 6. Bf3 Nbd7 7. Nge2 b5 8. Be3 Be7 9. Qd2 O-O 10. O-O b4 11. Nd1 Nb6 12. b3 {½-½ (26) Berzinsh,R (2445)-Vokac,M (2525) Trinec 1998}) 5... Be7 6. Nge2 {B07: Pirc Defence: Miscellaneous Systems} b5 7. a3 Qc7 8. h3 {White is slightly better.} h5 9. d5 Bb7 10. dxc6 Bxc6 11. Ng3 g6 12. Bg5 Nbd7 {[%cal Bb8d7,Bd7b6,Bb6c4][%mdl 32]} 13. Qe2 ({White should play} 13. Qd2 $11) 13... a6 {[%cal Ba7a6,Ba6a5][%mdl 32]} 14. h4 Nb6 15. O-O-O Rc8 16. Nf1 Nc4 17. Rd3 (17. Nd2 $11) 17... a5 $15 18. Bxf6 Bxf6 19. Ne3 Nxe3 20. fxe3 {[#]} (20. Rxe3 $142 b4 21. Nb5 Bxb5 22. Qxb5+ Ke7 23. Bd1) 20... b4 $1 $17 {[%cal Rb4c3]} 21. Nd5 (21. axb4 $17 axb4 22. Nd5 Bxd5 23. Rxd5) 21... Bxd5 $1 $19 22. exd5 $2 {[#]} (22. Rxd5 {was the only chance.} bxa3 23. bxa3) 22... e4 $1 {[%cal Re4d3][%mdl 512]} 23. Bxe4 Qc4 24. Rf1 Be5 25. Bf3 (25. Bxg6 $142 fxg6 26. b3) 25... Qa2 26. Rd4 bxa3 27. Qb5+ Kf8 28. Be4 Qxb2+ 29. Qxb2 axb2+ 30. Kxb2 Ke7 31. Ra1 f5 32. Bd3 Ra8 ({Don't take} 32... Bxd4+ 33. exd4 Rb8+ 34. Kc1 $19) 33. Bb5 Rhb8 ({Don't do} 33... Bxd4+ 34. exd4 g5 35. Re1+ Kf7 36. Bd7 $19) 34. c4 Ra7 35. Kc3 Kf6 36. Ra2 g5 37. hxg5+ Kxg5 38. Kd3 h4 39. Ke2 (39. Bc6 $142 Bxd4 40. Kxd4) 39... Bxd4 40. exd4 {[%mdl 4096] Endgame KRR-KRB} Kf4 41. Kd3 Kg3 42. Kc3 f4 43. Bc6 Re7 44. Rd2 Re3+ 45. Kc2 Rbb3 {( -> ...Rec3+)} 46. c5 Rec3+ 47. Kd1 Rb1+ {Precision: White = 30%, Black = 71%.} 0-1